| 000 | 00423nam a2200157Ia 4500 | ||
|---|---|---|---|
| 008 | 160316s2003 xxu||||| |||| 00| 0 eng d | ||
| 082 |
_a362.700000 _bSAV |
||
| 100 | _a | ||
| 245 | _aSo you want to consult with children? A toolkit of good practice | ||
| 250 | _a | ||
| 260 |
_aLondon _bSave the Children _c2003 |
||
| 300 |
_a93 _b _c |
||
| 365 | _b | ||
| 650 | _a1. Consult with Children - good practices | ||
| 700 |
_a _a |
||
| 999 |
_c36585 _d36585 |
||